Gidromufty pitateľnych nasosov teplovych elektrostancij

Na minha lista:
Detalhes bibliográficos
Autor principal: Turkin, Avangard Nikolajevič (Author)
Formato: Livro
Idioma:russo
Publicado em: Moskva : Energija, 1974
Assuntos:
Tags: Adicionar Tag
Sem tags, seja o primeiro a adicionar uma tag!

MARC

LEADER 00000nam a22000003a 4500
001 stu85653
005 20150617225632.8
008 040406s1974----xxr-----------------rus-d
040 |a STU  |b slo 
041 0 |a rus 
044 |a xxr 
080 |a 62-578.4  |7 stu_us_auth*stu466 
080 |a 621.1 
100 1 |a Turkin, Avangard Nikolajevič  |4 aut 
245 1 |a Gidromufty pitateľnych nasosov teplovych elektrostancij 
260 |a Moskva :  |b Energija,  |c 1974 
300 |a 231 s 
650 7 |a hydraulické spojky  |2 stusub 
996 |b 284J020367  |c J*44865  |l JJSK  |s A  |a 24  |w stu85653_0001